Palánok, Nitra

Enregistré dans:
Détails bibliographiques
Auteur principal: Popelka, Jakub (Auteur)
Autres auteurs: Kusý, Martin (Directeur de thèse)
Format: Manuscrit Livre
Langue:slovaque
Publié: Bratislava 2016
Sujets:
Accès en ligne:http://is.stuba.sk/zp/portal_zp.pl?podrobnosti=121605
Tags: Ajouter un tag
Pas de tags, Soyez le premier à ajouter un tag!

MARC

LEADER 00000ntm a22000003a 4500
001 stuzp57881
003 SK-STU
005 20210224132548.8
007 ta
008 150427s2015----xo-----f-mn---000-0-slo-d
040 |a STU  |b slo 
041 0 |a slo 
100 1 |a Popelka, Jakub  |u 050000  |4 aut  |T FAD Fakulta architektúry  |X 43843  |U A  |Y 50  |7 A000043843 
242 0 1 |a Palanok, Nitra  |y eng 
245 1 0 |a Palánok, Nitra 
260 |c 2016  |a Bratislava 
650 4 |a Nitra  |2 slo 
650 4 |a verejný priestor  |2 slo 
650 4 |a bytový dom  |2 slo 
650 4 |a Nitra  |2 eng 
650 4 |a public space  |2 eng 
650 4 |a apartment building  |2 eng 
700 1 |a Kusý, Martin  |u 050900  |k Z1  |4 ths  |U FAD Fakulta architektúry  |T FA Dekanát  |X 3763  |U A0900  |Y 158  |7 A000003763 
856 4 |u http://is.stuba.sk/zp/portal_zp.pl?podrobnosti=121605  |u https://opac.crzp.sk/?fn=detailBiblioForm&sid=FFEED6484134604A3D70A4B88729 
SQL |a stuzp57881  |b DDP  |c SLO  |d Palánok, Nitra  |e 43843  |f Popelka, Jakub  |g 05  |h 3763  |i Kusý, Martin  |j 20160602  |k 153  |l 05  |m http://is.stuba.sk/zp/portal_zp.pl?podrobnosti=121605  |n I-ARCH  |o 5.1.1. architektúra a urbanizmus